Tout les modèles Audi Sport - Statistiques

Statistiques générales
  • Ce quiz a été pris 1 158 fois
    609 depuis la dernière actualisation
  • Le résultat moyen est 18 sur 26
Statistiques - réponses
Années de production Motorisation Puissance Modèle % Correct
2002 - Maintenant V8 4.0 TT V8 4.2 TT V10 5.0 TT 450 ~ 630 ch RS6 (Plus, Performance)
97%
2011 - Maintenant I5 2.5 T 340 ~ 407 ch RS3 (Performance)
96%
2000 - Maintenant V6 2.7 TT V6 2.9 TT V8 4.2 380 ~ 450 ch RS4
95%
2013 - Maintenant V8 4.0 TT 560 ~ 630 ch RS7 (Performance)
93%
2010 - Maintenant V6 2.9 TT V8 4.2 450 ch RS5
91%
2007 - 2023 V8 4.2 V10 5.2 420 ~ 620 ch R8 (GT, LMX, Plus, Performance)
84%
2020 - Maintenant V8 4.0 TT 600 ch RSQ8
80%
1999 - Maintenant I4 1.8 T I4 2.0 T 210 ~ 333 ch S3
80%
1991 - Maintenant I5 2.2 T V6 2.7 TT V6 3.0 T V6 3.0 CV8 4.2 230 ~ 354 ch S4
79%
2007 - Maintenant V6 3.0 T V6 3.0 C V8 4.2 333 ~ 354 ch S5
78%
1994 - Maintenant I5 2.2 T V6 3.0 T V8 4.0 TT V8 4.2 V10 5.2 V6 2.9 TT (US) 230 ~ 450 ch S6 (Plus)
78%
2012 - Maintenant V6 3.0 T V8 4.0 TT V6 2.9 TT (US) 349 ~ 450 ch S7
77%
2013 - Maintenant I5 2.5 T 310 ~ 400 ch RSQ3 (Performance)
76%
2014 - 2018 I4 2.0 T 231 ch S1
76%
1996 - Maintenant V8 4.0 TT V8 4.2 V10 5.2 340 ~ 605 ch S8 (Plus)
76%
1994 - 1996 I5 2.2 T 315 ch RS2
74%
1990 - 1995 I5 2.2 T 220 ~ 230 ch S2
64%
2012 - Maintenant V6 3.0 T V6 3.0 TT V6 3.0 C (US) 313 ~ 354 ch SQ5 (Plus)
63%
2016 - Maintenant V8 4.0 TT 435 ~ 507 ch SQ7
59%
2019 - Maintenant V8 4.0 TT 435 ch ~ 507 ch SQ8
56%
2009 - 2023 I5 2.5 T 340 ~ 400 ch TTRS (Plus)
51%
1983 - 1985 I5 2.1 T 306 ch Quattro Sport
47%
2019 - Maintenant I4 2.0 T 300 ch SQ2
44%
2008 - 2023 I4 2.0 T 272 ~ 320 ch TTS
44%
2021 - Maintenant Électrique 646 ch E-Tron GT RS
14%
2020 - Maintenant Électrique 503 ch Q8 E-Tron S
11%
Aucun quiz correspondant
Distribution des résultats
% des personnes avec chaque résultat
Percentile par nombre de réponses
Votre historique - résultats
Vous n’avez pas pris ce quiz depuis la dernière actualisation